000 00919nam0a22002651 4500
001 RU\NLR\INFOCOMM_161\5000048942
005 20250613091957.0
010 _912000 экз.
_a5-05-001153-1
035 _a(NLR Aleph) 009138170
090 _a8319235
_c8319235
100 _a20090919d1987 |||y0rusy50 ca
101 1 _aeng
102 _aRU
105 _aa ||||000|y
200 1 _aIvan
_eA story
_fVladimir Bogomolov
_gTransl. by Bernard Isaacs
_gDraw. by Orest Vereisky
210 _aΜ.
_cRaduga
_dˆCop.‰1987
215 _a167 с.
_cил., цв. ил.
_d17 см
300 _aНа обороте тит. л.: Иван : Для сред. и старш. возраста / Владимир Богомолов
686 _aДл215
_2rubbk
700 1 _aBogomolov
_bV. O.
_f1926-
_gVladimir Osipovič
_4070
801 1 _aRU
_bNLR
_c20090919
801 0 _aRU
_bNLR
_gPSBO
852 _aNLR
_jДл01 Д-1/78
942 _cBOOK
980 _aNB